Quizzes
Events
Quiz Creation
Community
Videos
Private Events
Remove Ads
Sign In
Join for FREE
Feedback
Dark Mode
Quiz Categories
Sports
Geography
Music
Movies
Television
Just For Fun
Miscellaneous
History
Literature
Language
Science
Gaming
Entertainment
Religion
Holiday
For Kids
Quiz Lab
Recent
Popular Today
Quiz Kudos Today
Editor Picks
Curator Picks
Quizzes by...
Day
Popularity
Type
Ratings
Length
Year
Community
Subscriptions
Recent Discussions
Orange Saloon
Badges
Playlists
Quests
Create
Leaderboards
Showdown
Live 5
Trivia Bingo
Activity
Puzzle Library
Sporcle Events
Private Events
Virtual Trivia
Globe League
Become a Host
Pub Owners
SporcleCon
Opinionation
Our Games
Videos
Blog
Mobile Apps
Partnerships
Remove Ads and Go Orange
Feedback
Geography
Country
Landmarks
City
State
Population
World
Capital
Continent
Flags
Europe
Africa
Asia
South America
North America
Oceania
Border
Canada
United Kingdom
Topography
United States
Geography
Country
Landmarks
City
State
Population
World
Capital
Continent
Flags
Europe
Africa
Asia
South America
North America
Oceania
Border
Canada
United Kingdom
Topography
United States
Random Quiz
Search Sporcle
×
Quiz Lab
Quiz Lab
Geography
State
Type in answers that appear in a list
Type in answers that appear in a list
Classic
Best Score? Go Orange.
Federal Judicial Circuits Stats
Can you name the federal judicial circuit each state is in?
By
perfectorange007
7m
55 Questions
88 Plays
88 Plays
88 Plays
Comments
Comments
Give Quiz Kudos
Give Quiz Kudos
-
- Ratings
hide this ad
Forced Order
Answers have to be entered in order
Answers have to be entered in order
Random Order
Randomize order of answers
Randomize order of answers
Replay
Link that replays current quiz
Next Quiz
Link to next quiz in quiz playlist
You Got
0%
They Got
Avg Score
86%
Avg Friend Score
Upgrade to see
Score Distribution
Jump to the score distribution portion of the page
Score
0/55
Timer
07:00
0
Plays Today
State
Circuit (e.g. 'first' or '9th')
% Correct
Michigan
sixth
90.9%
Wisconsin
seventh
89.8%
Arizona
ninth
89.8%
California
ninth
89.8%
Maine
first
89.8%
New Jersey
third
89.8%
Pennsylvania
third
89.8%
Rhode Island
first
89.8%
Virginia
fourth
89.8%
Alaska
ninth
88.6%
Connecticut
second
88.6%
Indiana
seventh
88.6%
Louisiana
fifth
88.6%
Massachusetts
first
88.6%
Minnesota
eighth
88.6%
New Hampshire
first
88.6%
North Dakota
eighth
88.6%
Utah
tenth
88.6%
Washington
ninth
88.6%
Colorado
tenth
87.5%
Hawaii
ninth
87.5%
Illinois
seventh
87.5%
Maryland
fourth
87.5%
New York
second
87.5%
South Carolina
fourth
87.5%
Vermont
second
87.5%
West Virginia
fourth
87.5%
Delaware
third
86.4%
State
Circuit (e.g. 'first' or '9th')
% Correct
Idaho
ninth
86.4%
Kentucky
sixth
86.4%
Mississippi
fifth
86.4%
Montana
ninth
86.4%
Nebraska
eighth
86.4%
New Mexico
tenth
86.4%
North Carolina
fourth
86.4%
Ohio
sixth
86.4%
Oregon
ninth
86.4%
South Dakota
eighth
86.4%
Texas
fifth
86.4%
Wyoming
tenth
86.4%
Florida
eleventh
85.2%
Iowa
eighth
85.2%
Kansas
tenth
85.2%
Missouri
eighth
85.2%
Nevada
ninth
85.2%
Alabama
eleventh
84.1%
Georgia
eleventh
84.1%
Oklahoma
tenth
84.1%
Puerto Rico
first
84.1%
Arkansas
eighth
83%
Guam
ninth
83%
District of Columbia
dc
81.8%
Northern Mariana Islands
ninth
81.8%
Virgin Islands
third
81.8%
Tennessee
fourth
75%
Quiz Playlist
Details
Report
Send in Message
Add To Playlist
Classic:
Type in answers that appear in a list
Forced Order:
Answers have to be entered in order
Random Order:
Randomize order of answers
Last Updated: Feb 16, 2017
Quiz Scoreboard
CHALLENGE
Sign Up to Join the Scoreboard
Show All
Scores
Hide
Comments
May contain spoilers
Recently Published
Movies - When Are They Set?
by FPL_Elf
Movies
5m
Popular People in 1961
by mucciniale
History
6m
1-10 Letter E Words III
by El_Dandy
Language
2m
More to Explore
Quiz From the Vault
Featured Blog Post
Where Did the Easter Bunny Come From?
hide this ad
You Might Also Like...
Tags
State Quiz
9th
circuit
court
Federal
judicial
Today's Top Quizzes in Geography
Browse Geography
hide this ad
Today's Top Quizzes in State
Browse State
Top Contributed Quizzes in Geography
1
Countries of the World - No Outlines Minefield
2
Top 25 Cities of France on a map
3
Closest Countries to UK A-Z
4
One Thing in Common: United Kingdom
5
Any capital of a 'B' country per Continent
6
Blind Secret Country CLXXXVIII
7
African Flag Reveal XLV
8
Blind Ultimate Minefield: USA
9
Find the US States - No Outlines
10
One Thing in Common: Asia
Explore More
Trending Topics
Marvel
NBA
Disney
Kpop
Anime
Crossword
Harry Potter
The Office
Soccer
Pokémon
Puzzle
Country
WWE
Song
NFL
hide this ad
More By:
perfectorange007
Quiz
Plays
Rating
Category
Featured
Created
Federal Judicial Circuits
88
5.00
Geography
Mar 1, 2011
Go to Creator's Profile
Score Distribution
Quiz Creator Spotlight
perfectorange007
Follow
Send a Message
Quizzes Created
-
Created Quiz Play Count
-
More By This Creator
Popular Quizzes Today
1
Find the Countries of Europe - No Outlines Minefield
2
Find the US States - No Outlines Minefield
3
The Countries of the World
4
Popular People in 1961
5
US States
6
1-10 Letter E Words III
7
Find the US States
8
One Thing in Common: World Cities II
More Geography Quizzes
New York Cities (1790-2010)
Published
Trending Quizzes
Risky Map Clicking: Least Populous States A-Z
1-10 Letter F Words
1-10 Letter G Words
One Thing in Common: United Kingdom
Risky Map Clicking: Next State Alphabetically
Recently Updated
Leaping Animals
pecheneg
Reality TV Shows (A-Z)
bhenderson79
Rickey Henderson's Hall of Fame Teammates
pecheneg
Champions League XIs: Arsenal
pecheneg
Quick Pick: Celebrities in WWE's Hall of Fame
aduchscher
A-Z Keypad Blitz II
pecheneg
Multiple Oscar Actors
pecheneg
Mystery Phrase Blitz: Oscar 'Best Actors'
pecheneg
F. Scott Fitzgerald Novels
LTH
Pick 3 Villains
ddd62291
Trending Topics
Crossword
Kpop
Harry Potter
NBA
Marvel
Disney
Anime
Country
WWE
Puzzle
Soccer
NFL
Pokémon
Song
The Office
Your Account Isn't Verified!
In order to create a playlist on Sporcle, you need to verify the email address you used during registration. Go to your
Sporcle Settings
to finish the process.
Report this User
Report this user for behavior that violates our
Community Guidelines
.
Details:
Send Report
Go to the Sporcle.com Mobile Site →
Comments